00668 2200217 4500001002100000005001500021035002000036007000300056008004100059020002200100082000800122084001400130100001600144245013100160250001100291260003200302300005300334700002700387600001400414990002200428INLIS00000000000295220260529033136 a0010-1120000030ta260529 0  a978-979-29-4761-8 a657 a657 IRS m0 aIrsan Lubis1 aMahir Akuntansi :bPajak Terapan Berbasiz Standar Akuntansi dan Ketentuan Pajak Terbaru /cIrsan Lubis; editor, Arie Prabawati a--Ed 1 a--Yogyakarta :bAndi,c2015 a264 hlm. :bilus. ;c24 cmeBibliografi, hlm 2640 aeditor, Arie Prabawati 4aAkuntansi a24.895/B/DAK/2017